Score 0/33 Timer 04:00
1 Play Today
% Correct
POST
92.1%
WEST
90.3%
SOUR
90.1%
POUT
88.8%
POUR
87.5%
AMORE
87.1%
PEST
86.7%
SPOTS
86.5%
S'MORE
86.2%
SURE
84.2%
A-MOLE
83.5%
FORTH
82.1%
SURI
78.7%
BLUE
78.7%
BOOTS
78.6%
NORTH
75.8%
SPATS
74.9%
% Correct
SLUR
74.6%
SOOTS
74%
BOOTY
73.7%
APPLE
71.6%
FORTY
70.5%
FOOTY
68.8%
BLUR
68.6%
WELT
67.6%
CULT
66.4%
AMPLE
65.7%
CELT
64.5%
SPORE
64.4%
CURE
63.4%
CURT
63.2%
SPARE
55.1%
SPATE
52.9%

Today's Daily Dose

Remove Ads.
Support Sporcle.
Get the best of Sporcle when you Go Orange. This ad-free experience offers more features, more stats, and more fun while also helping to support Sporcle. Thank you for becoming a member.

You're not logged in!

Compare scores with friends on all Sporcle quizzes.
OR
Log In

Show Comments

Extras

Top Quizzes Today


Score Distribution

Your Account Isn't Verified!

In order to create a playlist on Sporcle, you need to verify the email address you used during registration. Go to your Sporcle Settings to finish the process.

Report this User

Report this user for behavior that violates our Community Guidelines.

Details: